Pri počítači nemrhajú čas

Význam počítačov vo vzdelávaní. Edukačná hra LittleLane Petra Nižňanského. Cena Startup Awards 2015 v kategórii Art & design. Rómska verzia edukačnej hry. Študijná pomôcka Smartbooks, ktorú vyvinul žilinský odborník na umelú inteligenciu Peter Belan pre žiakov základných škôl. Počítačový doučovateľ.

Guardado en:
Detalles Bibliográficos
Autor principal: Lászlóová, Klaudia
Formato: Capítulo de libro
Lenguaje:eslovaco
Materias:
Etiquetas: Agregar Etiqueta
Sin Etiquetas, Sea el primero en etiquetar este registro!

MARC

LEADER 00000naa a2200000 4500
001 0223740
005 20231113084028.1
041 0 |a slo 
044 |a SK 
245 1 0 |a Pri počítači nemrhajú čas  |c Klaudia Lászlóová 
520 |a Význam počítačov vo vzdelávaní. Edukačná hra LittleLane Petra Nižňanského. Cena Startup Awards 2015 v kategórii Art & design. Rómska verzia edukačnej hry. Študijná pomôcka Smartbooks, ktorú vyvinul žilinský odborník na umelú inteligenciu Peter Belan pre žiakov základných škôl. Počítačový doučovateľ. 
610 2 0 |a počítače 
610 2 0 |a vzdelávanie elektronické 
610 2 0 |a školy základné 
610 2 0 |a hry 
100 1 |a Lászlóová, Klaudia